<?xml version="1.0" encoding="UTF-8"?>
<marc:record xmlns:marc="http://www.loc.gov/MARC21/slim" type="Bibliographic">
   <marc:leader>00000njm a2200000 c 4500</marc:leader>
   <marc:controlfield tag="001">1029829705</marc:controlfield>
   <marc:controlfield tag="003">DE-101</marc:controlfield>
   <marc:controlfield tag="005">20171203065132.0</marc:controlfield>
   <marc:controlfield tag="007">s|||||||||||||</marc:controlfield>
   <marc:controlfield tag="008">130117s2011    gw ||||| |||||||||||ger  </marc:controlfield>
   <marc:datafield ind1=" " ind2=" " tag="015">
      <marc:subfield code="a">13,T03</marc:subfield>
      <marc:subfield code="2">dnb</marc:subfield>
   </marc:datafield>
   <marc:datafield ind1="7" ind2=" " tag="016">
      <marc:subfield code="2">DE-101</marc:subfield>
      <marc:subfield code="a">1029829705</marc:subfield>
   </marc:datafield>
   <marc:datafield ind1="3" ind2=" " tag="024">
      <marc:subfield code="a">4001504258504</marc:subfield>
   </marc:datafield>
   <marc:datafield ind1="7" ind2=" " tag="024">
      <marc:subfield code="2">urn</marc:subfield>
      <marc:subfield code="a">urn:nbn:de:101:1-2016090719496</marc:subfield>
   </marc:datafield>
   <marc:datafield ind1="3" ind2="2" tag="028">
      <marc:subfield code="b">Kiddinx (LC 18807)</marc:subfield>
      <marc:subfield code="a">4.25850</marc:subfield>
   </marc:datafield>
   <marc:datafield ind1="3" ind2="2" tag="028">
      <marc:subfield code="b">Kiddinx</marc:subfield>
      <marc:subfield code="a">4.25850</marc:subfield>
   </marc:datafield>
   <marc:datafield ind1=" " ind2=" " tag="035">
      <marc:subfield code="a">(DE-599)DNB1029829705</marc:subfield>
   </marc:datafield>
   <marc:datafield ind1=" " ind2=" " tag="035">
      <marc:subfield code="a">(OCoLC)865114507</marc:subfield>
   </marc:datafield>
   <marc:datafield ind1=" " ind2=" " tag="040">
      <marc:subfield code="a">1330</marc:subfield>
      <marc:subfield code="b">ger</marc:subfield>
      <marc:subfield code="c">DE-101</marc:subfield>
      <marc:subfield code="d">9999</marc:subfield>
   </marc:datafield>
   <marc:datafield ind1=" " ind2=" " tag="041">
      <marc:subfield code="a">ger</marc:subfield>
   </marc:datafield>
   <marc:datafield ind1=" " ind2=" " tag="044">
      <marc:subfield code="c">XA-DE</marc:subfield>
   </marc:datafield>
   <marc:datafield ind1="7" ind2="4" tag="082">
      <marc:subfield code="a">782.4</marc:subfield>
      <marc:subfield code="q">DE-101</marc:subfield>
      <marc:subfield code="2">23sdnb</marc:subfield>
   </marc:datafield>
   <marc:datafield ind1="0" ind2="0" tag="245">
      <marc:subfield code="a">Kleiner Eisbär, wovon träumst du?</marc:subfield>
      <marc:subfield code="b">das Extra-Hörspiel mit viel Musik</marc:subfield>
      <marc:subfield code="c">[Musik: Andy Muhlack.]</marc:subfield>
   </marc:datafield>
   <marc:datafield ind1=" " ind2="1" tag="264">
      <marc:subfield code="a">Berlin</marc:subfield>
      <marc:subfield code="b">Kiddinx Entertainment.</marc:subfield>
      <marc:subfield code="c">P 2011</marc:subfield>
   </marc:datafield>
   <marc:datafield ind1=" " ind2=" " tag="300">
      <marc:subfield code="a">1 CD</marc:subfield>
      <marc:subfield code="c">12 cm</marc:subfield>
      <marc:subfield code="e">Beil.</marc:subfield>
   </marc:datafield>
   <marc:datafield ind1=" " ind2=" " tag="336">
      <marc:subfield code="a">aufgeführte Musik</marc:subfield>
      <marc:subfield code="b">prm</marc:subfield>
      <marc:subfield code="2">rdacontent</marc:subfield>
   </marc:datafield>
   <marc:datafield ind1=" " ind2=" " tag="337">
      <marc:subfield code="a">audio</marc:subfield>
      <marc:subfield code="b">s</marc:subfield>
      <marc:subfield code="2">rdamedia</marc:subfield>
   </marc:datafield>
   <marc:datafield ind1=" " ind2=" " tag="338">
      <marc:subfield code="a">Audiodisk</marc:subfield>
      <marc:subfield code="b">sd</marc:subfield>
      <marc:subfield code="2">rdacarrier</marc:subfield>
   </marc:datafield>
   <marc:datafield ind1=" " ind2=" " tag="500">
      <marc:subfield code="a">Interpr. u.a.: Hella von Sinnen, Mama Eisbär. Ingolf Lück, Papa Eisbär. Markus Maria Profitlich, Hippo, das Flusspferd. Oli Petszokat, Nemo, die Schiffskatze.</marc:subfield>
   </marc:datafield>
   <marc:datafield ind1="8" ind2=" " tag="505">
      <marc:subfield code="a">Kleiner Eisbär, wovon träumst du? Tropen-Pop. Hafenkatzen-Rap. Bären sind alle gleich. Tigertatzen-Tango. Haben Hasen Angst zu haben? Mit dem Schlitten vorwärts voran. Fliegen, hoch in die Luft. Rennen wie ein Ren. Wonnig wie ein Wal. Zuhause in der ganzen Welt. - Hörspielszenen.</marc:subfield>
   </marc:datafield>
   <marc:datafield ind1="0" ind2=" " tag="511">
      <marc:subfield code="a">Sinnen, Hella$cvon [Mama Eisbär]. Lück, Ingolf [Papa Eisbär]. Profitlich, Markus Maria [Hippo, das Flusspferd]. P., Oli [Nemo, die Schiffskatze].</marc:subfield>
   </marc:datafield>
   <marc:datafield ind1="1" ind2=" " tag="583">
      <marc:subfield code="a">Langzeitarchivierung gewährleistet</marc:subfield>
      <marc:subfield code="i">LZA</marc:subfield>
   </marc:datafield>
   <marc:datafield ind1=" " ind2="7" tag="655">
      <marc:subfield code="0">(DE-588)4522869-3</marc:subfield>
      <marc:subfield code="0">http://d-nb.info/gnd/4522869-3</marc:subfield>
      <marc:subfield code="0">(DE-101)955174880</marc:subfield>
      <marc:subfield code="a">CD</marc:subfield>
      <marc:subfield code="2">gnd-carrier</marc:subfield>
   </marc:datafield>
   <marc:datafield ind1="1" ind2=" " tag="700">
      <marc:subfield code="0">(DE-588)1030282455</marc:subfield>
      <marc:subfield code="0">http://d-nb.info/gnd/1030282455</marc:subfield>
      <marc:subfield code="0">(DE-101)1030282455</marc:subfield>
      <marc:subfield code="a">Muhlack, Andy</marc:subfield>
      <marc:subfield code="d">1969-</marc:subfield>
      <marc:subfield code="e">Mitwirkender</marc:subfield>
      <marc:subfield code="4">ctb</marc:subfield>
   </marc:datafield>
   <marc:datafield ind1="1" ind2=" " tag="700">
      <marc:subfield code="0">(DE-588)119032147</marc:subfield>
      <marc:subfield code="0">http://d-nb.info/gnd/119032147</marc:subfield>
      <marc:subfield code="0">(DE-101)119032147</marc:subfield>
      <marc:subfield code="a">Sinnen, Hella &#x98;von&#x9c;</marc:subfield>
      <marc:subfield code="d">1959-</marc:subfield>
      <marc:subfield code="e">Ausführender</marc:subfield>
      <marc:subfield code="4">prf</marc:subfield>
   </marc:datafield>
   <marc:datafield ind1="1" ind2=" " tag="700">
      <marc:subfield code="0">(DE-588)128989459</marc:subfield>
      <marc:subfield code="0">http://d-nb.info/gnd/128989459</marc:subfield>
      <marc:subfield code="0">(DE-101)128989459</marc:subfield>
      <marc:subfield code="a">Lück, Ingolf</marc:subfield>
      <marc:subfield code="d">1958-</marc:subfield>
      <marc:subfield code="e">Ausführender</marc:subfield>
      <marc:subfield code="4">prf</marc:subfield>
   </marc:datafield>
   <marc:datafield ind1="1" ind2=" " tag="700">
      <marc:subfield code="0">(DE-588)123773172</marc:subfield>
      <marc:subfield code="0">http://d-nb.info/gnd/123773172</marc:subfield>
      <marc:subfield code="0">(DE-101)123773172</marc:subfield>
      <marc:subfield code="a">Profitlich, Markus Maria</marc:subfield>
      <marc:subfield code="d">1960-</marc:subfield>
      <marc:subfield code="e">Ausführender</marc:subfield>
      <marc:subfield code="4">prf</marc:subfield>
   </marc:datafield>
   <marc:datafield ind1="1" ind2=" " tag="700">
      <marc:subfield code="0">(DE-588)120759446</marc:subfield>
      <marc:subfield code="0">http://d-nb.info/gnd/120759446</marc:subfield>
      <marc:subfield code="0">(DE-101)120759446</marc:subfield>
      <marc:subfield code="a">P., Oli</marc:subfield>
      <marc:subfield code="d">1978-</marc:subfield>
      <marc:subfield code="e">Ausführender</marc:subfield>
      <marc:subfield code="4">prf</marc:subfield>
   </marc:datafield>
   <marc:datafield ind1=" " ind2=" " tag="850">
      <marc:subfield code="a">DE-101b</marc:subfield>
      <marc:subfield code="a">DE-101c</marc:subfield>
   </marc:datafield>
   <marc:datafield ind1="4" ind2="0" tag="856">
      <marc:subfield code="u">http://nbn-resolving.de/urn:nbn:de:101:1-2016090719496</marc:subfield>
      <marc:subfield code="x">Resolving-System</marc:subfield>
   </marc:datafield>
   <marc:datafield ind1="r" ind2=" " tag="925">
      <marc:subfield code="a">rt</marc:subfield>
   </marc:datafield>
</marc:record>
